| 000 | 01237nmc a2200397 a 4500 | ||
|---|---|---|---|
| 003 | AR-BaBNM | ||
| 005 | 20251128204131.0 | ||
| 008 | 305119s1984 ||||||||||||||000 | spa|| | ||
| 020 | _a950-25-0145-4 | ||
| 040 | _cAR-BaBNM | ||
| 245 | 1 | 0 |
_aIndígenas y fronteras _bcampañas militares y clase obrera : Chaco, 1870-1930 |
| 260 |
_aBuenos Aires _bCentro Editor de América Latina _c1984 |
||
| 300 | _a94 p. | ||
| 490 | 0 |
_aHistoria testimonial Argentina: Documentos vivos de nuestro pasado _vv. 25 |
|
| 504 | _aBibliografía en p.18 | ||
| 650 | 4 | _aHISTORIA ARGENTINA | |
| 650 | 4 | _aHISTORIA CHAQUENA | |
| 650 | 4 | _aCONQUISTA DEL DESIERTO | |
| 650 | 4 | _aCONQUISTA DEL CHACO | |
| 650 | 4 | _aABORIGENES ARGENTINOS | |
| 650 | 4 | _aDOCUMENTOS | |
| 650 | 4 | _aMATERIAL FUENTE | |
| 650 | 4 | _aHISTORIA DEL TRABAJO | |
| 650 | 4 | _aCLASE BAJA | |
| 650 | 4 | _aTRABAJADORES AGRICOLAS | |
| 650 | 4 | _aSALARIOS | |
| 650 | 4 | _aCONDICIONES DE VIDA | |
| 650 | 4 | _aCONDICIONES DE TRABAJO | |
| 650 | 4 | _aDESARROLLO ECONOMICO Y SOCIAL | |
| 650 | 4 | _aDESARROLLO ECONOMICO | |
| 700 | 1 |
_aIñigo Carrera, Nicolás _ecompilador |
|
| 800 | 1 |
_aBertoni, Lilia Ana _edirector |
|
| 800 | 1 |
_aRomero, Luis Alberto _edirector |
|
| 942 | _cBK | ||
| 998 | _cMarce | ||
| 999 |
_c6306 _d6306 |
||